|
|
|
|
| LEADER |
00000nam0a2200000 4500 |
| 001 |
332225 |
| 005 |
20231102004432.0 |
| 035 |
|
|
|a (RuTPU)RU\TPU\book\358132
|
| 035 |
|
|
|a RU\TPU\book\354927
|
| 090 |
|
|
|a 332225
|
| 100 |
|
|
|a 20170518d1977 k y0rusy50 ca
|
| 101 |
0 |
|
|a rus
|
| 102 |
|
|
|a RU
|
| 105 |
|
|
|a a z 001zy
|
| 200 |
1 |
|
|a Повышение качества и работоспособности узлов и деталей машин
|h Вып. 4
|e [сборник]
|f Красноярский государственный университет (КрасГУ) ; Красноярский политехнический институт (КПИ) ; под ред. В. Ф. Апанасенко
|
| 210 |
|
|
|a Красноярск
|c Изд-во Красноярского политехнического ин-та
|d 1977
|
| 215 |
|
|
|a 180 с.
|c ил.
|
| 320 |
|
|
|a Библиогр. в конце статей
|
| 606 |
1 |
|
|a Детали машин
|2 stltpush
|3 (RuTPU)RU\TPU\subj\9144
|9 36422
|
| 610 |
1 |
|
|a машиностроение
|
| 610 |
1 |
|
|a технология
|
| 610 |
1 |
|
|a приборостроение
|
| 610 |
1 |
|
|a конструирование
|
| 610 |
1 |
|
|a металлы
|
| 610 |
1 |
|
|a обработка взрывом
|
| 610 |
1 |
|
|a неразъемные соединения
|
| 610 |
1 |
|
|a полимеры
|
| 610 |
1 |
|
|a порошковые материалы
|
| 610 |
1 |
|
|a напыление
|
| 610 |
1 |
|
|a плазменно-дуговые горелки
|
| 610 |
1 |
|
|a надежность
|
| 610 |
1 |
|
|a антифрикционные покрытия
|
| 610 |
1 |
|
|a метод химического восстановления
|
| 610 |
1 |
|
|a валы
|
| 610 |
1 |
|
|a колебания
|
| 610 |
1 |
|
|a трубы
|
| 610 |
1 |
|
|a стеклопокрытия
|
| 610 |
1 |
|
|a жидкость
|
| 610 |
1 |
|
|a движение
|
| 610 |
1 |
|
|a газовые потоки
|
| 610 |
1 |
|
|a источники энергии
|
| 675 |
|
|
|a 621.81
|v 4
|
| 702 |
|
1 |
|a Апанасенко
|b В. Ф.
|4 340
|
| 712 |
0 |
2 |
|a Красноярский государственный университет (КрасГУ)
|2 stltpush
|3 (RuTPU)RU\TPU\col\9
|
| 712 |
0 |
2 |
|a Красноярский политехнический институт (КПИ)
|c (1956-1993)
|2 stltpush
|3 (RuTPU)RU\TPU\col\272
|
| 801 |
|
1 |
|a RU
|b 63413507
|c 20141119
|
| 801 |
|
2 |
|a RU
|b 63413507
|c 20170613
|g RCR
|
| 942 |
|
|
|c BK
|